000 00527nam a2200193Ia 4500
003 OSt
005 20240919153426.0
008 210210b1967 xxu||||| |||| 00| 0 eng d
040 _aAL
_cAL
041 _aKannada
082 _aK894.3 GANB
100 _aGANESHA MALYA (K).
_970586
_d ಗಣೇಶ ಮಲ್ಯ (ಕೆ)
245 _aBisida bale
_bಬೀಸಿದ ಬಲೆ
260 _aKinnigoli
_bYugapurusha Prakatanalaya
_c1967
300 _a164
690 _aKannada Fiction
_970587
906 _a026921
942 _2ddc
_cBK
999 _c78228
_d78228